علم المخابرات والحرب النفسية / (Record no. 147219)
[ view plain ]
| 000 -الفاتح | |
|---|---|
| عناصر البيانات ثابتة الطول | 00829cam a2200217 i 4500 |
| 005 - تاريخ ووقت آخر معاملة | |
| حقل ضبط | 20260127121218.0 |
| 008 - عناصر البيانات ثابتة الطول | |
| عناصر البيانات ثابتة الطول | 250721s2022 jo gr 000 0 ara d |
| 020 ## - الترقيم الدولي المعياري للكتب (ردمك) | |
| الترقيم الدولي المعياري للكتب (ردمك) | 9789923255544 |
| 082 14 - رقم تصنيف ديوي العشري | |
| رقم التصنيف | 355.343 |
| رقم المادة | ا خ م |
| 100 1# - مدخل رئيسي – اسم شخصي | |
| الاسم الشخصي | اخميس، حنان مصطفى |
| علاقة الشخص بالعمل/ دوره | مؤلف. |
| 245 10 - بيان العنوان | |
| العنوان | علم المخابرات والحرب النفسية / |
| بيان المسؤولية | د.حنان مصطفى إخميس. |
| 250 ## - بيان الطبعة | |
| بيان الطبعة | الطبعة الاولى. |
| 264 31 - بيانات النشر، التوزيع…إلخ | |
| مكان النشر، التوزيع...إلخ | عمان : |
| اسم الناشر، الموزع...إلخ | دار أمجد للنشر والتوزيع، إبصار ناشرون وموزعون، دار كفاءة المعرفة، |
| تاريخ النشر، التوزيع...إلخ | 2022. |
| 300 ## - الوصف المادي | |
| عدد الوحدات المكونة للوعاء | 94 صفحة. |
| 650 17 - مدخل إضافي بالموضوع - مصطلح موضوعي | |
| مصطلح موضوعي أو اسم جغرافي كعنصر مدخل | الحرب النفسية. |
| 650 17 - مدخل إضافي بالموضوع - مصطلح موضوعي | |
| مصطلح موضوعي أو اسم جغرافي كعنصر مدخل | المخابرات. |
| 650 17 - مدخل إضافي بالموضوع - مصطلح موضوعي | |
| مصطلح موضوعي أو اسم جغرافي كعنصر مدخل | التجسس. |
| 650 17 - مدخل إضافي بالموضوع - مصطلح موضوعي | |
| مصطلح موضوعي أو اسم جغرافي كعنصر مدخل | العلوم العسكرية. |
| 942 ## - بيانات إضافية (كوها) | |
| نوع التنصيف | Dewey Decimal Classification |
| نوع المادة (كوها) | Books |
| حالة السحب | حالة الفقدان | مصدر التصنيف | حالة التلف | غير قابل للإعارة | المكتبة الرئيسية | المكتبة الحالية | موقع الرف | تاريخ التزويد | الرقم المتسلسل | Total Checkouts | رقم الإستدعاء | الباركود | تاريخ آخر ظهور | تاريخ الفاتورة | نوع المادة (كوها) |
|---|---|---|---|---|---|---|---|---|---|---|---|---|---|---|---|
| Dewey Decimal Classification | المكتبة المركزية | المكتبة المركزية | الإعارة | 28/07/2025 | 1792586 | 355.343 / ا خ م | PLD00514613 | 28/07/2025 | 28/07/2025 | Books | |||||
| Dewey Decimal Classification | مكتبة أم قصير والمقابلين العامة | مكتبة أم قصير والمقابلين العامة | الإعارة | 04/02/2025 | 1792590 | 355.343/اخم | PLD00514683 | 28/07/2025 | 04/02/2025 | Books | |||||
| Dewey Decimal Classification | مكتبة الأميرة ايمان العامة | مكتبة الأميرة ايمان العامة | الإعارة | 04/02/2025 | 1792587 | 355.343/اخم | PLD00514680 | 28/07/2025 | 04/02/2025 | Books | |||||
| Dewey Decimal Classification | مكتبة الأميرة سلمى | مكتبة الأميرة سلمى | الإعارة | 04/02/2025 | 1792593 | 355.343/اخم | PLD00514686 | 28/07/2025 | 04/02/2025 | Books | |||||
| Dewey Decimal Classification | مكتبة الاميرة بديعة | مكتبة الاميرة بديعة | الإعارة | 04/02/2025 | 1792591 | 355.343/اخم | PLD00514684 | 28/07/2025 | 04/02/2025 | Books | |||||
| Dewey Decimal Classification | مكتبة الجويدة | مكتبة الجويدة | الإعارة | 04/02/2025 | 1792594 | 355.343/اخم | PLD00514687 | 28/07/2025 | 04/02/2025 | Books | |||||
| Dewey Decimal Classification | مكتبة الحسن العامة | مكتبة الحسن العامة | الإعارة | 04/02/2025 | 1792592 | 355.343/اخم | PLD00514685 | 28/07/2025 | 04/02/2025 | Books | |||||
| Dewey Decimal Classification | مكتبة حمزة العامة | مكتبة حمزة العامة | الإعارة | 04/02/2025 | 1792595 | 355.343/اخم | PLD00514688 | 28/07/2025 | 04/02/2025 | Books | |||||
| Dewey Decimal Classification | مكتبة صويلح العامة | مكتبة صويلح العامة | الإعارة | 04/02/2025 | 1792589 | 355.343/اخم | PLD00514682 | 28/07/2025 | 04/02/2025 | Books | |||||
| Dewey Decimal Classification | مكتبة وادي السير العامة | مكتبة وادي السير العامة | الإعارة | 04/02/2025 | 1792588 | 355.343/اخم | PLD00514681 | 28/07/2025 | 04/02/2025 | Books |